000 00883nam a22002177a 4500
999 _c15725
_d15725
003 MIRAKIL
005 20240321141924.0
008 240321b tu ||||| |||| 00| 0 tur d
020 _a9789751624895
040 _aTR-AnCHP
_cTR-AnCHP
041 _atur
082 _a398.5
_bK46 2012
245 1 0 _aKırgız destanları /
_chazırlayan: Saule Egimbaeva ; Türkiye Türkçesine aktaran: Zekeriya Karadavut.
260 _aAnkara :
_bTürk Dil Kurumu,
_c2012.
300 _ac. "10." (128 s.) ;
_c24 cm.
490 0 _aAtatürk Kültür Dil ve Tarih Yüksek Kurumu Türk Dil Kurumu yayınları ;
_v1046.
490 0 _aTürk Dünyası Destanlarının Tespiti, Türkiye Türkçesine Aktarılması ve Yayımlanması Projesi ;
_v47.
650 0 _97722
_aDestanlar
_zKırgız
856 _zDijital Nüshası için Partimizin Kütüphane Sorumlusu ile iletişime geçiniz.
942 _2ddc
_cBKS